000 00252nam a2200097Ia 4500
001 710658
005 20250826162753.0
008 250824s9999 xx 000 0 und d
245 0 _aFURMAN ALLAH'A EMANET OL
_cKAHRAMAN TAZEOĞLU
260 _bDESTEK YAYINLARI
999 _c710658
_d710658